[Event "WYg16"]
[Site "Heraklio GRE"]
[Date "2002.11.23"]
[Round "10"]
[White "Argyo,N"]
[Black "Hoang Thi Bao Tram"]
[Result "0-1"]
[WhiteElo "2085"]
[BlackElo "2150"]
[EventDate "2002.11.15"]

1. e4 c5 2. Nf3 e6 3. d4 cxd4 4. Nxd4 a6 5. c4 Nf6 6. Nc3 Qc7 7. Bd3 Nc6 8.
Nxc6 bxc6 9. O-O Be7 10. f4 d6 11. Kh1 Bb7 12. Qe1 d5 13. e5 Nd7 14. cxd5
cxd5 15. Be3 Bc5 16. Bxc5 Nxc5 17. Bc2 g6 18. b4 Nd7 19. Ba4 O-O 20. Rc1
Qd8 21. Qg3 Rc8 22. Ne2 Qe7 23. a3 Nb6 24. Bc2 Rfd8 25. f5 exf5 26. Bxf5
Rxc1 27. Nxc1 Re8 28. Re1 Kh8 29. Bc2 Nc4 30. Ba4 Rc8 31. Nd3 d4 32. Nc5
Ne3 33. Nxb7 Qxb7 34. e6 fxe6 35. Qe5+ Qg7 36. Qxe6 Rf8 37. Rc1 Qf6 38.
Qxf6+ Rxf6 39. Kg1 d3 40. h3 d2 41. Ra1 d1=Q+ 42. Rxd1 Nxd1 43. Bxd1 Rd6
44. Be2 Rd2 45. Bc4 Rd1+ 46. Kf2 Ra1 47. Bxa6 Rxa3 48. Be2 Kg7 49. b5 Kf6
50. Bf3 Rb3 51. Bc6 Ke5 52. g3 g5 53. Be8 h6 54. h4 g4 55. Bc6 Kd4 56. Bd7
Rb2+ 57. Kg1 h5 58. Be8 Ke3 59. Bc6 Rb3 60. Kg2 Rb1 61. Kh2 Kf2 0-1

[Event "WYg16"]
[Site "Heraklio GRE"]
[Date "2002.11.23"]
[Round "10"]
[White "Kovanova,B"]
[Black "Mijovic,A"]
[Result "1-0"]
[WhiteElo "2136"]
[BlackElo "2104"]
[EventDate "2002.11.15"]

1. f4 c5 2. Nf3 Nc6 3. g3 d5 4. Bg2 e6 5. d3 Nge7 6. O-O g6 7. e4 Bg7 8. e5
O-O 9. c3 d4 10. c4 Qc7 11. Nbd2 h5 12. Ne4 b6 13. Nfg5 Nf5 14. g4 hxg4 15.
Qxg4 Bh6 16. Nf6+ Kg7 17. Be4 Rh8 18. Rf2 Bb7 19. Rg2 Bxg5 20. Qxg5 Rh3 21.
Bxf5 exf5 22. Qxf5 Qc8 23. Nd7 Nb8 24. Qf6+ Kg8 25. Rxg6+ fxg6 26. Qxg6+
Kh8 27. Qf6+ Kg8 28. Qe6+ Kg7 29. Qg4+ Kf7 30. e6+ Ke7 31. f5 Nxd7 32. Qg7+
Ke8 33. Qf7+ Kd8 34. e7+ Kc7 35. Bf4+ Ne5 36. Bxe5+ 1-0

[Event "WYg16"]
[Site "Heraklio GRE"]
[Date "2002.11.24"]
[Round "11"]
[White "Dzagnidze,N"]
[Black "Zdebskaja,N"]
[Result "1/2-1/2"]
[WhiteElo "2309"]
[BlackElo "2260"]
[EventDate "2002.11.15"]

1. d4 Nf6 2. Nf3 e6 3. Bg5 c5 4. e3 Be7 5. Bd3 b6 6. O-O Bb7 7. Nbd2 Nc6 8.
c3 cxd4 9. exd4 O-O 10. Re1 Nd5 11. Bxe7 Qxe7 12. a3 f5 13. Nc4 Rf6 14. Qd2
Raf8 15. Bf1 Rh6 16. Nce5 Nf6 17. Nxc6 Bxc6 18. Ne5 Ne4 19. Qf4 Bb7 20. f3
g5 21. Qe3 f4 22. Qc1 Nf6 23. h3 Qe8 24. Ng4 Nxg4 25. hxg4 Qg6 26. Qb1 Qg7
27. Bd3 Rh4 28. Kf2 Rf6 29. Be4 Ba6 30. Bd3 Bb7 31. Be4 Ba6 32. Qd1 d5 33.
Bd3 Bxd3 34. Qxd3 h5 35. gxh5 Rxh5 36. Qb5 Qg6 37. Rh1 g4 38. fxg4 Rg5 39.
Rh2 f3 40. gxf3 Rxg4 41. Qe2 Rg3 42. Rah1 Rgxf3+ 43. Qxf3 Rxf3+ 44. Kxf3
Qd3+ 45. Kf4 Qe4+ 46. Kg3 Qe3+ 47. Kg4 Qe4+ 1/2-1/2

[Event "WYg16"]
[Site "Heraklio GRE"]
[Date "2002.11.24"]
[Round "11"]
[White "Paridar,S"]
[Black "Chistiakova,T"]
[Result "0-1"]
[WhiteElo "2132"]
[BlackElo "2223"]
[EventDate "2002.11.15"]

1. e4 c5 2. c3 d5 3. exd5 Qxd5 4. d4 g6 5. dxc5 Qxc5 6. Be3 Qc7 7. Na3 a6
8. Nc4 Nd7 9. a4 Bg7 10. Nf3 Nh6 11. a5 O-O 12. Qd2 Nf5 13. Nb6 Rb8 14. Nd5
Qd6 15. Bg5 Qe6+ 16. Be2 Nc5 17. Rd1 Ne4 18. Qd3 b5 19. axb6 Bb7 20. O-O
Nxg5 21. Nxg5 Qxd5 22. Qxd5 Bxd5 23. Rxd5 Rxb6 24. Ne4 Rxb2 25. Bxa6 Ra8
26. Bb5 e6 27. Rc5 Bf8 28. Re5 Nd6 29. c4 Bg7 30. Nxd6 Bxe5 31. Ne4 Bd4 32.
Ng5 Rxf2 0-1

[Event "WYg16"]
[Site "Heraklio GRE"]
[Date "2002.11.24"]
[Round "11"]
[White "Fominykh,M"]
[Black "Tania,S"]
[Result "1-0"]
[WhiteElo "2240"]
[BlackElo "2189"]
[EventDate "2002.11.15"]

1. d4 Nf6 2. Nf3 e6 3. e3 d5 4. Bd3 Be7 5. O-O O-O 6. b3 b6 7. Bb2 Bb7 8.
Ne5 Nbd7 9. Nd2 c5 10. f4 Ne4 11. Nxe4 dxe4 12. Bc4 Nxe5 13. dxe5 Qxd1 14.
Raxd1 Rad8 15. g4 Rxd1 16. Rxd1 Rd8 17. Rxd8+ Bxd8 18. Kf2 Bh4+ 19. Kg2 Kf8
20. Bc3 Be7 21. Kg3 g6 22. a4 a6 23. Be1 Ke8 24. Kh3 Kd7 25. Bh4 Bf8 26. f5
gxf5 27. gxf5 Bh6 28. Bf2 exf5 29. Bxf7 f4 30. Bh4 Bc8 31. Kg2 f3+ 32. Kf2
Bf8 33. Bd5 h6 34. Bxe4 Ke6 35. Bg3 1-0

[Event "WYg16"]
[Site "Heraklio GRE"]
[Date "2002.11.24"]
[Round "11"]
[White "Zawadzka,J"]
[Black "Melia,S"]
[Result "1-0"]
[WhiteElo "2310"]
[BlackElo "2264"]
[EventDate "2002.11.15"]

1. e4 e5 2. Nf3 Nc6 3. d4 exd4 4. Nxd4 g6 5. Be3 Bg7 6. Nc3 Nge7 7. Qd2 O-O
8. O-O-O d6 9. h4 f5 10. Nxc6 Nxc6 11. Bc4+ Kh8 12. h5 Qe8 13. hxg6 Qxg6
14. Nd5 fxe4 15. Nxc7 Rb8 16. Qxd6 Qxd6 17. Rxd6 Bf5 18. Ne6 Rf6 19. Rhd1
Re8 20. Nxg7 Kxg7 21. Bb5 Rc8 22. c3 a6 23. Be2 Rc7 24. Bb6 Rxd6 25. Rxd6
Rd7 26. Rxd7+ Bxd7 27. Kd2 Kg6 28. b4 Be6 29. Ke3 Bxa2 30. Kxe4 Kf6 31. f4
Be6 32. g4 Kf7 33. f5 Bb3 34. g5 Bc2+ 35. Kf4 Ne7 36. Bc4+ Ke8 37. Be6 Bxf5
38. Bxf5 Nd5+ 39. Ke5 Nxb6 40. Bxh7 Kf7 41. Be4 Nc4+ 42. Kd4 Nd6 43. Bd5+
Kg6 44. Kc5 Nb5 45. c4 Nc7 46. Bxb7 Kxg5 47. Kc6 1-0

[Event "WYg16"]
[Site "Heraklio GRE"]
[Date "2002.11.24"]
[Round "11"]
[White "Huang Qian"]
[Black "Worek,J"]
[Result "1-0"]
[WhiteElo "2305"]
[BlackElo "2230"]
[EventDate "2002.11.15"]

1. d4 f5 2. e4 fxe4 3. Nc3 Nf6 4. Bg5 Nc6 5. f3 d5 6. Bb5 a6 7. Bxc6+ bxc6
8. Qd2 e6 9. fxe4 Be7 10. Bxf6 Bxf6 11. Nf3 O-O 12. O-O Rb8 13. Rab1 a5 14.
e5 Be7 15. Na4 Bd7 16. c3 Be8 17. Nc5 Bxc5 18. dxc5 Bg6 19. Rbe1 Qe7 20. b4
axb4 21. cxb4 Be4 22. Nd4 Rxf1+ 23. Rxf1 Qe8 24. a4 h6 25. a5 Ra8 26. Ra1
Kh8 27. a6 Qh5 28. Nxc6 d4 29. Nxd4 Qxe5 30. Qe3 Qd5 31. a7 Bxg2 32. Nxe6
Bh1 33. Nf4 Qb7 34. b5 Bd5 35. Rd1 Bf3 36. Rd2 Bg4 37. Rg2 Bf3 38. Rg3 Be4
39. Qd4 Rg8 40. Ne6 Bd5 41. Nxg7 Kh7 42. Qd3+ Be4 43. Qd7 Bg6 44. Nh5+ Kh8
45. Qd4+ 1-0

[Event "WYg16"]
[Site "Heraklio GRE"]
[Date "2002.11.24"]
[Round "11"]
[White "Papadopoulou,V"]
[Black "Karavade,E"]
[Result "1/2-1/2"]
[WhiteElo "2165"]
[BlackElo "2171"]
[EventDate "2002.11.15"]

1. Nf3 Nf6 2. c4 g6 3. Nc3 Bg7 4. e4 c5 5. d4 cxd4 6. Nxd4 d6 7. Be2 Nc6 8.
Nc2 O-O 9. O-O Bd7 10. Be3 Rc8 11. f3 Ne5 12. b3 Qa5 13. Nd5 Nxd5 14. exd5
f5 15. Bd4 f4 16. g4 Qc7 17. a4 b6 18. Nb4 a5 19. Na2 Nf7 20. Nc3 Bxd4+ 21.
Qxd4 Qc5 22. Rfd1 Ne5 23. Ne4 Qxd4+ 24. Rxd4 h6 25. Kf2 Kg7 26. h4 Kh8 27.
Rg1 Rg8 28. Nc3 Rcf8 29. Bd1 Kg7 30. Bc2 g5 31. Rh1 Rh8 32. Ne4 Nf7 33.
Rdd1 gxh4 34. Rxh4 Ne5 35. Rg1 Be8 36. Rgh1 Nf7 37. Ke2 1/2-1/2

[Event "WYg16"]
[Site "Heraklio GRE"]
[Date "2002.11.24"]
[Round "11"]
[White "Hoang Thi Bao Tram"]
[Black "Vega Gutierrez,S"]
[Result "1/2-1/2"]
[WhiteElo "2150"]
[BlackElo "2069"]
[EventDate "2002.11.15"]

1. e4 c5 2. Nc3 Nc6 3. g3 e6 4. Bg2 Nf6 5. Nge2 d5 6. exd5 exd5 7. O-O d4
8. Ne4 Nxe4 9. Bxe4 Bd6 10. d3 O-O 11. Nf4 Ne7 12. Qh5 g6 13. Qh4 Be5 14.
Nh3 Nf5 15. Qxd8 Rxd8 16. Bg2 h6 17. Bd2 Kg7 18. a4 Rb8 19. a5 b5 20. axb6
axb6 21. Ra7 Rd7 22. Rxd7 Bxd7 23. Ra1 b5 24. Ra7 Be8 25. Nf4 c4 26. Bb4
Bxf4 27. gxf4 cxd3 28. cxd3 Rc8 29. Be4 Nh4 30. Kf1 Rc1+ 31. Ke2 Rc2+ 32.
Ke1 Nf5 33. Ba3 b4 34. Bxb4 Rxb2 35. Bc5 Rb5 36. Rc7 Kf6 37. Bxf5 Kxf5 38.
Bxd4 Rd5 39. Bg7 Rxd3 40. Re7 Rd8 41. Bxh6 f6 42. Rc7 Rd5 43. Ke2 Bb5+ 44.
Kf3 Rd3+ 45. Kg2 Rd5 46. Kg3 Be2 47. Re7 Rd3+ 48. Re3 Rxe3+ 49. fxe3 g5 50.
Bg7 g4 51. Kf2 Bd3 52. Kg3 Be2 1/2-1/2

[Event "WYg16"]
[Site "Heraklio GRE"]
[Date "2002.11.24"]
[Round "11"]
[White "Gilbert,Je"]
[Black "Kovanova,B"]
[Result "1/2-1/2"]
[WhiteElo "2113"]
[BlackElo "2136"]
[EventDate "2002.11.15"]

1. d4 d5 2. c4 e6 3. Nc3 f5 4. g3 c6 5. Bg2 Nf6 6. Nh3 Bd6 7. O-O O-O 8. b3
Qe7 9. Bf4 Bb4 10. Qc2 Ne4 11. Nxe4 fxe4 12. f3 exf3 13. exf3 Nd7 14. a3
Bxa3 15. Ng5 Nf6 16. c5 e5 17. Rfe1 Bb4 18. Rxe5 Qd8 19. Ne6 Bxe6 20. Rxe6
Re8 21. Qe2 Rxe6 22. Qxe6+ Kh8 23. Ra4 a5 24. Bg5 1/2-1/2

[Event "WYg16"]
[Site "Heraklio GRE"]
[Date "2002.11.24"]
[Round "11"]
[White "Lelekova,O"]
[Black "Ortiz,N"]
[Result "0-1"]
[WhiteElo "2070"]
[BlackElo "2115"]
[EventDate "2002.11.15"]

1. e4 e5 2. Nf3 Nc6 3. Bb5 Bc5 4. O-O Nf6 5. c3 O-O 6. d4 Bb6 7. Bg5 h6 8.
Bh4 d6 9. a4 a5 10. Na3 exd4 11. Bxc6 bxc6 12. Nxd4 g5 13. Bg3 Nxe4 14.
Nxc6 Qf6 15. Nc4 Bc5 16. N6xa5 Be6 17. Qe2 d5 18. Nb7 Ba7 19. Ne5 Rfe8 20.
Na5 Bf5 21. Nac6 Nxg3 22. hxg3 Qxc6 23. Rfe1 Qd6 0-1

[Event "WYg14"]
[Site "Heraklio GRE"]
[Date "2002.11.15"]
[Round "1"]
[White "Grossman,S"]
[Black "Khotenashvili,B"]
[Result "0-1"]
[WhiteElo "2115"]
[BlackElo "2119"]
[EventDate "2002.11.15"]

1. e4 c6 2. d4 d5 3. e5 Bf5 4. h4 h5 5. Be2 g6 6. Nf3 e6 7. Nbd2 Qb6 8. c3
Nd7 9. Qb3 Ne7 10. O-O Bg4 11. Qxb6 Nxb6 12. Nb3 Nf5 13. Bg5 Be7 14. Bxe7
Kxe7 15. g3 g5 16. hxg5 Rag8 17. Rfe1 Bxf3 18. Bxf3 Rxg5 19. Kf1 Nc4 20.
Rab1 h4 21. gxh4 Nxh4 22. Ke2 Nxe5 23. Bxd5 cxd5 24. dxe5 Rxe5+ 25. Kd3 Rf5
26. Re2 Ng6 27. Kc2 Rh2 28. Rf1 Nf4 29. Re3 Nh3 30. Nc5 Rfxf2+ 31. Rxf2
Nxf2 32. Re2 b6 33. Nd3 Ng4 34. Rxh2 Nxh2 0-1

[Event "WYg14"]
[Site "Heraklio GRE"]
[Date "2002.11.16"]
[Round "2"]
[White "Umudova,M"]
[Black "Arutyunova,D"]
[Result "1-0"]
[WhiteElo "1848"]
[BlackElo "2225"]
[EventDate "2002.11.15"]

1. e4 e6 2. d4 d5 3. Nc3 Nf6 4. e5 Nfd7 5. f4 c5 6. Nf3 Nc6 7. Be3 Qb6 8.
a3 cxd4 9. Nxd4 Bc5 10. Na4 Qa5+ 11. c3 Bxd4 12. Bxd4 Nxd4 13. Qxd4 O-O 14.
Bd3 Qc7 15. c4 dxc4 16. Qxc4 Qa5+ 17. Nc3 Qb6 18. Qe4 f5 19. Qe2 Qd4 20.
Qd2 a6 21. Bb1 Qb6 22. Qf2 Qc7 23. O-O Rf7 24. Ba2 Nf8 25. Rac1 Qe7 26. Na4
Bd7 27. Nb6 Rb8 28. Nc4 Bb5 29. Rfd1 Bxc4 30. Rxc4 g5 31. Rd6 gxf4 32. Qxf4
Kh8 33. Rc3 Rg7 34. Rg3 Ng6 35. Qd4 f4 36. Rxe6 Qh4 37. Rf3 Qg5 38. g3 fxg3
39. Rxg3 Qc1+ 40. Kg2 Nf4+ 41. Kf2 Qc2+ 42. Ke3 Rf8 43. Rf6 Qc1+ 44. Ke4
1-0

[Event "WYg14"]
[Site "Heraklio GRE"]
[Date "2002.11.16"]
[Round "2"]
[White "Khotenashvili,B"]
[Black "Franciskovic,B"]
[Result "1-0"]
[WhiteElo "2119"]
[BlackElo "2012"]
[EventDate "2002.11.15"]

1. c4 c5 2. Nc3 Nf6 3. g3 e6 4. Bg2 Be7 5. e3 O-O 6. Nge2 Nc6 7. O-O d6 8.
b3 Bd7 9. Bb2 a6 10. d4 cxd4 11. exd4 Rb8 12. d5 exd5 13. Nxd5 Nxd5 14.
Bxd5 Ne5 15. Nd4 Bf6 16. Qd2 b5 17. f4 Ng6 18. cxb5 axb5 19. Kh1 Ne7 20.
Bg2 Nf5 21. Rad1 Rb6 22. Rfe1 Nxd4 23. Bxd4 Bxd4 24. Qxd4 Bc6 25. Re2 Bxg2+
26. Rxg2 Re8 27. h3 Qc7 28. Kh2 Rc6 29. Rdd2 h6 30. Qd3 Re1 31. Rge2 Rxe2+
32. Rxe2 Qb8 33. Qf5 Rc7 34. Qd5 b4 35. h4 Qb7 36. Qxb7 Rxb7 37. Rd2 Ra7
38. Kg2 Kf8 39. Kf3 Ke7 40. Ke4 h5 41. Kd5 Rc7 42. Ke4 Rc5 43. Rd5 Rc3 44.
Rb5 Rc2 45. Rxh5 Rxa2 46. Rb5 Re2+ 47. Kf3 Re1 48. Rxb4 d5 49. Kf2 Re6 50.
Rb7+ Kd6 51. Rxf7 Kc5 52. Rxg7 Kd4 53. h5 Kd3 54. f5 Re2+ 55. Kf3 Re3+ 56.
Kf4 d4 57. h6 Re4+ 58. Kg5 1-0

[Event "WYg14"]
[Site "Heraklio GRE"]
[Date "2002.11.16"]
[Round "2"]
[White "Olsen,M"]
[Black "Rogule,L"]
[Result "0-1"]
[WhiteElo "1824"]
[BlackElo "2213"]
[EventDate "2002.11.15"]

1. e4 c5 2. Nf3 d6 3. d4 cxd4 4. Nxd4 Nf6 5. Nc3 a6 6. Be3 Ng4 7. Bg5 h6 8.
Bh4 g5 9. Bg3 Bg7 10. Be2 h5 11. Bxg4 Bxg4 12. f3 Bd7 13. Qd2 Nc6 14. Bf2
Ne5 15. O-O-O Bh6 16. Kb1 Rc8 17. Nf5 Bxf5 18. exf5 Qd7 19. f6 Nc4 20. Qd3
e6 21. Rhe1 Qc6 22. b3 Ne5 23. Qxd6 Qxd6 24. Rxd6 Nxf3 25. Red1 Nxh2 26.
Na4 Ng4 27. Bb6 O-O 28. Bd8 Ne3 29. R1d2 g4 30. Nb6 Rc6 31. Rxc6 bxc6 32.
Be7 Nd5 33. Bxf8 Bxd2 34. Nxd5 Kxf8 35. Nc7 h4 0-1

[Event "WYg14"]
[Site "Heraklio GRE"]
[Date "2002.11.16"]
[Round "2"]
[White "Krutika,N"]
[Black "Pertlova,S"]
[Result "1/2-1/2"]
[WhiteElo "2125"]
[BlackElo "2011"]
[EventDate "2002.11.15"]

1. e4 d5 2. exd5 Nf6 3. d4 Nxd5 4. c4 Nb6 5. Nc3 e5 6. d5 Bb4 7. Nf3 c6 8.
Qb3 Bxc3+ 9. bxc3 cxd5 10. c5 Nc4 11. Bxc4 dxc4 12. Qxc4 Nc6 13. O-O O-O
14. Ba3 Be6 15. Qe2 Bg4 16. Rab1 Qa5 17. Rb3 Qa4 18. Bb4 Qa6 19. Qxa6 bxa6
20. Ra3 Rfd8 21. Rxa6 Nxb4 22. cxb4 e4 23. Ng5 Be2 24. Ra5 Bxf1 25. Kxf1
Rd4 26. b5 h6 27. b6 hxg5 28. b7 Rad8 29. Rxa7 f5 30. g3 Rd1+ 31. Kg2 e3
32. fxe3 g4 33. Ra8 R1d2+ 1/2-1/2

[Event "WYg14"]
[Site "Heraklio GRE"]
[Date "2002.11.17"]
[Round "3"]
[White "Shen Yang"]
[Black "Khotenashvili,B"]
[Result "1/2-1/2"]
[WhiteElo "2038"]
[BlackElo "2119"]
[EventDate "2002.11.15"]

1. e4 c6 2. d4 g6 3. Nf3 d5 4. e5 Bg4 5. Nbd2 e6 6. c4 dxc4 7. Bxc4 Nd7 8.
Qb3 Qb6 9. h3 Bxf3 10. Nxf3 Bb4+ 11. Ke2 Ne7 12. Bg5 Nd5 13. Rac1 h6 14.
Be3 Kf8 15. a3 Be7 16. Nd2 Qxb3 17. Bxb3 N7b6 18. Ne4 Kg7 19. Nc5 Bxc5 20.
dxc5 Nxe3 21. Kxe3 Nd5+ 22. Bxd5 exd5 23. Kd4 g5 24. f4 gxf4 25. Rhf1 f6
26. exf6+ Kxf6 27. Rxf4+ Kg7 28. Rc3 Rhf8 29. Rg3+ Kh7 30. Rgf3 Kg7 31. Ke5
Rae8+ 32. Kd6 Rxf4 33. Rxf4 Re4 34. Rf3 d4 35. Rb3 Kg6 36. a4 a5 37. Rg3+
Kf5 38. Rf3+ Rf4 39. Rb3 Ke4 40. Rxb7 Rf6+ 41. Kc7 d3 42. Kb6 d2 43. Rd7
Ke3 44. Kxa5 Rf5 45. Rxd2 Kxd2 46. Kb6 Kd3 47. a5 Kc4 48. a6 Rxc5 49. a7
Rb5+ 50. Kxc6 Ra5 51. Kb7 Rb5+ 52. Ka6 Rxb2 53. a8=Q Ra2+ 54. Kb7 Rxa8 55.
Kxa8 Kd4 56. Kb7 Ke4 1/2-1/2

[Event "WYg14"]
[Site "Heraklio GRE"]
[Date "2002.11.17"]
[Round "3"]
[White "Rogule,L"]
[Black "Carraro,De"]
[Result "1-0"]
[WhiteElo "2213"]
[BlackElo "2046"]
[EventDate "2002.11.15"]

1. c4 f5 2. Nc3 Nf6 3. g3 g6 4. Bg2 Bg7 5. d3 O-O 6. e4 e6 7. e5 Ne8 8. d4
c5 9. f4 cxd4 10. Qxd4 d6 11. c5 d5 12. Be3 Nc7 13. Nf3 Nc6 14. Qd2 Qe7 15.
O-O Rd8 16. Qf2 Bf8 17. a3 Na5 18. b4 Nc4 19. Bd4 a5 20. b5 a4 21. Rfb1 Bd7
22. Nd2 Na5 23. Bf1 Qe8 24. Bd3 Rac8 25. Qe2 Nc4 26. Nxc4 dxc4 27. Bxc4 Be7
28. Bf2 Ra8 29. Qf3 Rdb8 30. Ra2 Ra5 31. Rab2 Qf8 32. Rd2 Qe8 33. Qe2 Rc8
34. Rbd1 Nxb5 35. Nxb5 Bxb5 36. Bxe6+ Kg7 37. Qf3 Rxc5 38. Bd7 Bxd7 39.
Rxd7 Rcb5 40. e6 Rb3 41. Qe2 Rxa3 42. Rxe7+ Qxe7 43. Rd7 Ra1+ 44. Kg2 Kf8
45. Qb2 Qxd7 46. exd7 Rd1 47. Qf6+ Kg8 48. d8=R+ 1-0

[Event "WYg14"]
[Site "Heraklio GRE"]
[Date "2002.11.17"]
[Round "3"]
[White "Yanjindulan,D"]
[Black "Shmirina,E"]
[Result "1-0"]
[WhiteElo "2154"]
[BlackElo "2048"]
[EventDate "2002.11.15"]

1. e4 e6 2. d4 d5 3. exd5 exd5 4. Nf3 Bd6 5. Nc3 c6 6. Bd3 Ne7 7. Bg5 f6 8.
Bd2 Bf5 9. Qe2 Bxd3 10. Qxd3 O-O 11. Nh4 Qd7 12. O-O-O b5 13. f4 a5 14. Qf3
a4 15. f5 Na6 16. g4 Nc7 17. Ng2 b4 18. Ne2 b3 19. cxb3 axb3 20. axb3 Nb5
21. Ngf4 Ra2 22. Bc3 Qa7 23. Qe3 Ba3 24. Nd3 Rb8 25. Kd2 Nxc3 26. Nxc3 Bb4
27. Nxb4 Rxb2+ 28. Nc2 Rb4 29. Rhe1 Rxd4+ 30. Kc1 Rxd1+ 31. Kxb2 Qxe3 32.
Rxe3 d4 33. Nxd1 dxe3 34. Ndxe3 g6 35. Nd4 Kf7 36. b4 Ke8 37. Kc3 Kd7 38.
Kd3 Kd6 39. Ke4 c5 40. Nc4+ 1-0

[Event "WYg14"]
[Site "Heraklio GRE"]
[Date "2002.11.17"]
[Round "3"]
[White "Ambartsumova,K"]
[Black "Nebolsina,V"]
[Result "1-0"]
[WhiteElo "2139"]
[BlackElo "2040"]
[EventDate "2002.11.15"]

1. e4 c6 2. d4 g6 3. Nf3 Bg7 4. Nbd2 d5 5. h3 Nf6 6. e5 Ne4 7. Bd3 Nxd2 8.
Bxd2 O-O 9. O-O b6 10. Qe2 a5 11. c4 Ba6 12. Rac1 Qd7 13. Rfe1 e6 14. Bg5
Re8 15. cxd5 Qxd5 16. Be4 Bxe2 17. Bxd5 Bd3 18. Bc4 Bxc4 19. Rxc4 Ra7 20.
Rec1 Bf8 21. Nd2 h6 22. Be3 Kg7 23. R4c2 Rb7 24. g4 Be7 25. Ne4 Rh8 26. f4
f5 27. exf6+ Bxf6 28. d5 c5 29. dxe6 Nc6 30. f5 Rf8 31. Rg2 Kh7 32. Rf1 Kg7
33. Nxf6 Rxf6 34. Bxh6+ Kg8 35. Bg5 Rf8 36. f6 1-0

[Event "WYg14"]
[Site "Heraklio GRE"]
[Date "2002.11.17"]
[Round "3"]
[White "Gurchumalidze,T"]
[Black "Umudova,M"]
[Result "1-0"]
[WhiteElo "2124"]
[BlackElo "1848"]
[EventDate "2002.11.15"]

1. d4 Nf6 2. c4 g6 3. Nc3 Bg7 4. Nf3 O-O 5. Bg5 d6 6. e3 Nbd7 7. Be2 c6 8.
O-O Qe8 9. Qc2 e5 10. dxe5 dxe5 11. e4 h6 12. Bc1 Nh5 13. b4 Nf4 14. c5
Nxe2+ 15. Qxe2 Nf6 16. Rd1 Nh5 17. Bb2 Qe7 18. Rd6 Bg4 19. h3 Nf4 20. Qe3
Be6 21. Rad1 Rfd8 22. Qd2 Rdc8 23. Ne2 Nxe2+ 24. Qxe2 f6 25. Nh4 Kh7 26. f4
exf4 27. e5 fxe5 28. Qe4 Qxh4 29. Rxe6 Qg3 30. Rd3 Qg5 31. Bxe5 Re8 32.
Bxg7 Rxe6 33. Qxe6 Kxg7 34. Rd7+ 1-0

[Event "WYg14"]
[Site "Heraklio GRE"]
[Date "2002.11.17"]
[Round "3"]
[White "Siti,Z"]
[Black "Pourkashiyan,A"]
[Result "0-1"]
[WhiteElo "2019"]
[BlackElo "2161"]
[EventDate "2002.11.15"]

1. e4 e5 2. Nf3 Nf6 3. d4 Nxe4 4. dxe5 d5 5. Nbd2 Nxd2 6. Bxd2 Bg4 7. Be2
Nc6 8. Bf4 Bc5 9. c3 Qd7 10. O-O O-O 11. Qd3 Rfe8 12. Rfe1 Ne7 13. Rad1 Qa4
14. b4 Bb6 15. Qd2 a5 16. a3 Bxf3 17. Bxf3 Qxa3 18. Ra1 Qb3 19. Reb1 Qc4
20. Be2 Qc6 21. bxa5 Rxa5 22. Rxa5 Bxa5 23. Bb5 Qg6 24. Bd3 Qe6 25. Qc2 Ng6
26. Bxg6 hxg6 27. Rxb7 Bb6 28. Qa4 Rd8 29. h3 Qf5 30. Bg3 d4 31. cxd4 Qe4
32. Qa6 Qxd4 33. e6 fxe6 34. Rxc7 Bxc7 35. Qxe6+ Kh7 36. Bxc7 Ra8 37. Be5
Qc5 38. Kh2 Qxf2 39. Qe7 Ra7 40. Qg5 Rf7 41. Bg3 Qf6 42. Qg4 Rb7 43. Qe4
Re7 44. Qg4 Re8 45. Qf4 Re2 46. Qg4 Rb2 47. Qe4 Rb5 48. Qc4 Rh5 49. Qe4 Qf5
50. Qe2 Rh6 51. Qf2 Qe4 52. Qf4 Qf5 53. Qf2 Qe6 54. Qc2 Kh8 55. Qd2 Kh7 56.
Qd3 Qf5 57. Qd4 g5 58. Qf2 Qxf2 59. Bxf2 Rc6 60. Be3 Kg6 61. Kg3 Rc3 62.
Kf2 Kf5 63. Bd4 Rc2+ 64. Kf3 g6 65. Bb6 Rc3+ 66. Kf2 Kf4 67. g3+ Ke4 68. h4
Rc2+ 69. Kf1 Kf3 70. Ke1 g4 0-1

[Event "WYg14"]
[Site "Heraklio GRE"]
[Date "2002.11.17"]
[Round "3"]
[White "Pertlova,S"]
[Black "Gunina,V"]
[Result "1-0"]
[WhiteElo "2011"]
[BlackElo "2146"]
[EventDate "2002.11.15"]

1. e4 c6 2. Nc3 d5 3. Nf3 Bg4 4. h3 Bxf3 5. Qxf3 d4 6. Ne2 e5 7. Ng3 Nf6 8.
Bc4 Nbd7 9. O-O b5 10. Bb3 g6 11. a4 a6 12. axb5 axb5 13. Rxa8 Qxa8 14. d3
Bg7 15. Bg5 O-O 16. h4 h6 17. Bxf6 Nxf6 18. h5 Kh8 19. Qe2 Qb8 20. c3 Qd6
21. Ra1 Nd7 22. Ra7 Nc5 23. Bxf7 Qb8 24. Re7 Bf6 25. hxg6 Bxe7 26. Qh5 Rxf7
27. gxf7 Qf8 28. Qxe5+ Kh7 29. Nf5 Qxf7 30. Qxe7 Qxe7 31. Nxe7 Nxd3 32.
Nxc6 Nxb2 33. Nxd4 1-0

[Event "WYg14"]
[Site "Heraklio GRE"]
[Date "2002.11.17"]
[Round "4"]
[White "Leks,H"]
[Black "Yanjindulan,D"]
[Result "0-1"]
[WhiteElo "2096"]
[BlackElo "2154"]
[EventDate "2002.11.15"]

1. e4 e5 2. Nf3 Nf6 3. Nxe5 d6 4. Nf3 Nxe4 5. c4 Be7 6. d4 Bf5 7. Bd3 d5 8.
O-O c6 9. Nc3 O-O 10. Re1 Nxc3 11. bxc3 Bxd3 12. Qxd3 dxc4 13. Qxc4 Nd7 14.
Bf4 Rc8 15. Qb3 b5 16. a4 a6 17. Ne5 Nb6 18. axb5 axb5 19. Bg3 Bd6 20. Re3
Ra8 21. Ra2 Qc7 22. Rf3 Rxa2 23. Qxa2 Ra8 24. Qb1 f6 25. Ng4 Nc4 26. Rd3
Ra3 27. Qe1 Qe7 28. Ne3 Bb4 29. Qb1 Bxc3 30. Nc2 Nd2 31. Qc1 Rb3 0-1

[Event "WYg14"]
[Site "Heraklio GRE"]
[Date "2002.11.17"]
[Round "4"]
[White "Khotenashvili,B"]
[Black "Gurchumalidze,T"]
[Result "1-0"]
[WhiteElo "2119"]
[BlackElo "2124"]
[EventDate "2002.11.15"]

1. d4 d5 2. Nf3 c6 3. e3 Bg4 4. Nbd2 Nd7 5. h3 Bh5 6. Be2 Ngf6 7. b3 e6 8.
Bb2 Bd6 9. Ne5 Bxe2 10. Qxe2 O-O 11. O-O Ne8 12. Nxd7 Qxd7 13. e4 Bf4 14.
Ba3 Bd6 15. Bxd6 Nxd6 16. Rad1 Rae8 17. c4 Nxe4 18. Nxe4 dxe4 19. Qxe4 Qc7
20. Rfe1 Rd8 21. Re2 Rd7 22. Red2 g6 23. Qe5 Rfd8 24. Qf6 Qb6 25. h4 h5 26.
g4 Qa5 27. d5 exd5 28. gxh5 Rd6 29. Qg5 R8d7 30. Re2 Qd8 31. c5 Qxg5+ 32.
hxg5 Re6 33. Rxe6 fxe6 34. h6 e5 35. Kg2 Rf7 36. Rd3 e4 37. Rg3 Rf4 38. Kf1
d4 39. Ke2 Rh4 40. Rg1 Rf4 41. Rd1 d3+ 42. Ke3 Rg4 43. b4 Rxg5 44. Kxe4 Kh7
45. Rxd3 Kxh6 46. f4 Rg2 47. Rh3+ Kg7 48. a3 Re2+ 49. Kd4 Re7 50. a4 a6 51.
b5 axb5 52. axb5 Re1 53. b6 Rd1+ 54. Ke5 Rd7 55. Ke6 Rf7 56. Rd3 Rf6+ 57.
Kd7 Rxf4 58. Kc7 Rf7+ 59. Rd7 Rxd7+ 60. Kxd7 g5 61. Kc7 g4 62. Kxb7 g3 63.
Kxc6 g2 64. b7 g1=Q 65. b8=Q Qg2+ 66. Kc7 Qg3+ 67. Kb7 Qb3+ 68. Ka8 Qc4 69.
Qb7+ Kf6 70. Qc6+ Ke7 71. Qd6+ Ke8 72. Kb7 Qb5+ 73. Kc7 Qa5+ 74. Qb6 Qc3
75. c6 Qe5+ 76. Kb7 Qd5 77. Kb8 Qd6+ 78. Qc7 Qb4+ 79. Qb7 Qd6+ 80. c7 Kd7
81. Qb5+ Ke7 82. Kb7 1-0

[Event "WYg14"]
[Site "Heraklio GRE"]
[Date "2002.11.17"]
[Round "4"]
[White "Krutika,N"]
[Black "Shen Yang"]
[Result "1-0"]
[WhiteElo "2125"]
[BlackElo "2038"]
[EventDate "2002.11.15"]

1. e4 e5 2. Nf3 Nc6 3. Bb5 a6 4. Ba4 Nf6 5. d4 exd4 6. O-O Be7 7. Qe2 O-O
8. e5 Ne8 9. c3 dxc3 10. Nxc3 d6 11. Rd1 Bd7 12. Bf4 b5 13. Bc2 dxe5 14.
Nxe5 Nxe5 15. Bxe5 Nd6 16. Nd5 Re8 17. Qh5 f5 18. Re1 Bf8 19. Nf4 Nc4 20.
Bc3 Re7 21. Bxf5 Bxf5 22. Qxf5 Rf7 23. Qg4 Qd7 24. Ne6 Re8 25. Rad1 Qc8 26.
Re2 c5 27. Rde1 Rfe7 28. h4 Nd6 29. h5 b4 30. Bd2 a5 31. Bg5 Rf7 32. Re5 c4
33. Qd4 c3 34. Nxf8 Rxe5 35. Qxe5 Qxf8 36. bxc3 Nf5 37. cxb4 Qxb4 38. Rd1
h6 39. Rd8+ Rf8 40. Qe6+ Kh7 41. Qg6+ Kg8 42. Qxf5 hxg5 43. Rxf8+ Qxf8 44.
Qxf8+ Kxf8 45. Kf1 Ke7 46. Ke2 Kf6 47. g4 Ke5 48. Ke3 Kd5 49. f4 gxf4+ 50.
Kxf4 Kc4 51. g5 a4 52. h6 gxh6 53. gxh6 Kc3 54. h7 Kb2 55. h8=Q+ Kxa2 56.
Qc3 1-0

[Event "WYg14"]
[Site "Heraklio GRE"]
[Date "2002.11.17"]
[Round "4"]
[White "Cochet,C"]
[Black "Yildiz,B"]
[Result "1-0"]
[WhiteElo "2043"]
[BlackElo "2117"]
[EventDate "2002.11.15"]

1. e4 d5 2. Nc3 dxe4 3. Nxe4 Bf5 4. Ng3 Bg6 5. d4 Nf6 6. Nf3 Nbd7 7. Be2 e6
8. O-O c5 9. Re1 cxd4 10. Nxd4 Bc5 11. Nb3 Bb6 12. Bf4 O-O 13. Bf3 Qc8 14.
c3 Re8 15. Ne4 Nxe4 16. Bxe4 Bxe4 17. Rxe4 Nf6 18. Re2 Rd8 19. Qc2 h6 20.
Rd1 Qc4 21. Be3 Rxd1+ 22. Qxd1 Rd8 23. Qc2 Bxe3 24. Rxe3 Ng4 25. Re2 Qc7
26. g3 Ne5 27. Nd4 Nc4 28. b3 Nb6 29. Rd2 a6 30. c4 Nd7 31. Nf3 Rc8 32. Qd3
Nc5 33. Qd6 Qa5 34. Qd4 Qb4 35. Ne5 a5 36. Nd7 a4 37. Nxc5 Rxc5 38. Qe3 Qa5
39. Rd7 axb3 40. axb3 b6 41. Rd8+ Kh7 42. Qe4+ g6 43. Rd7 Rf5 44. Qxe6 Kg7
45. Qe4 Rf6 46. Qd4 Qe1+ 47. Kg2 Qe6 48. b4 Qc6+ 49. Kg1 Qe6 50. c5 bxc5
51. bxc5 1-0